| 000 | 01333nam a2200385 a 4500 | ||
|---|---|---|---|
| 001 | 3550372 | ||
| 003 | NUST | ||
| 005 | 20211228170645.0 | ||
| 008 | 970110m19969999enka b 001 0 eng d | ||
| 010 | _a 97144806 | ||
| 020 | _a0727741713 | ||
| 024 | _a9780727741714 | ||
| 035 | _a(OCoLC)36183396 | ||
| 038 | _aMSOHAIL | ||
| 040 |
_aNBuU _cNBuU _dIU _dDLC |
||
| 042 | _alccopycat | ||
| 043 | _ae------ | ||
| 050 | 0 | 4 |
_aTA658 _b.G86 1996 |
| 082 |
_a624.177 _bGUL |
||
| 100 | 1 |
_aGulvanessian, H. _925311 |
|
| 245 | 1 | 0 | _aDesigners' handbook to Eurocode : Basis of Structural Design |
| 246 | 3 | _aDesigners' handbook to Eurocode | |
| 250 | _a2nd | ||
| 260 |
_aLondon : _bICE, ; _aNew York : _bAmerican Society of Civil Engineers [distributor], _c2012- |
||
| 300 |
_a9. <190 > : _bill. ; _c29 cm. |
||
| 440 | 0 |
_aEurocode design handbooks _925312 |
|
| 504 | _aIncludes bibliographical references (v. 1, p. 116-118) and index. | ||
| 505 | 1 | _aPt. 1. Basic of design. | |
| 650 | 0 |
_aStructural design _xStandards _zEurope. _987091 |
|
| 650 | 0 |
_aStandards, Engineering _zEurope. _987092 |
|
| 700 | 1 |
_aHolický, Milan. _925315 |
|
| 906 |
_a7 _bcbc _ccopycat _d2 _encip _f19 _gy-gencatlg |
||
| 942 |
_2ddc _cBK |
||
| 999 |
_c532040 _d532040 |
||